000 00385nam a22001577a 4500
003 OSt
008 150321b xxu||||| |||| 00| 0 eng d
100 1 _aHolmes, Donald B.
041 _aeng
245 1 0 _aAir mail
246 1 0 _aan illustrated history 1793-1981
260 _aNew York
_bClarkson N. Potter, Inc.
300 _a226 pages
650 0 _aAir Mail
700 1 _aSvatos, Ladislav
999 _c1491
_d1491